Mireille Mousnier, (dir.), Les Animaux malades en Europe occidentale (vie-xixe siècle). Actes des xxve journées internationales d’Histoire de l’abbaye de Flaran, septembre 2003, Toulouse, Presses universitaires du Mirail, 2005, 280 p, 26 €, isbn285816794x (notice n° 1585280)
[ vue normale ]
| 000 -LEADER | |
|---|---|
| fixed length control field | 01634cam a2200169 4500500 |
| 005 - DATE AND TIME OF LATEST TRANSACTION | |
| control field | 20251228053344.0 |
| 041 ## - LANGUAGE CODE | |
| Language code of text/sound track or separate title | fre |
| 042 ## - AUTHENTICATION CODE | |
| Authentication code | dc |
| 100 10 - MAIN ENTRY--PERSONAL NAME | |
| Personal name | Vanlandschoote, Eric |
| Relator term | author |
| 245 00 - TITLE STATEMENT | |
| Title | Mireille Mousnier, (dir.), Les Animaux malades en Europe occidentale (vie-xixe siècle). Actes des xxve journées internationales d’Histoire de l’abbaye de Flaran, septembre 2003, Toulouse, Presses universitaires du Mirail, 2005, 280 p, 26 €, isbn285816794x |
| 260 ## - PUBLICATION, DISTRIBUTION, ETC. | |
| Date of publication, distribution, etc. | 2005.<br/> |
| 500 ## - GENERAL NOTE | |
| General note | 93 |
| 520 ## - SUMMARY, ETC. | |
| Summary, etc. | RésuméAu cours du Moyen Âge, l’administration royale contrôle la création des marchés hebdomadaires et impose une procédure aboutissant à la rédaction d’une lettre patente qui donne à une seigneurie le droit à rassembler un marché en un lieu et jour donné. L’étude de ces lettres permet d’observer la mise en place du réseau des marchés mais aussi d’appréhender les motivations économiques qui ont présidé à leur création. |
| 520 ## - SUMMARY, ETC. | |
| Summary, etc. | During the Middle Ages the royal administration controls the Periodic markets creation and imposes a creation procedure ending up at the writing of a Letters Patent which give permission to a seigniory to gather a market in a definite place and day. The study of these Letters Patent allows to observe the installation of the network of the markets but also to grasp the economic motivations which leaded to these creations. |
| 786 0# - DATA SOURCE ENTRY | |
| Note | Histoire & Sociétés Rurales | 24 | 2 | 2005-10-01 | p. 171i-276i | 1254-728X |
| 856 41 - ELECTRONIC LOCATION AND ACCESS | |
| Uniform Resource Identifier | <a href="https://shs.cairn.info/revue-histoire-et-societes-rurales-2005-2-page-171i?lang=fr&redirect-ssocas=7080">https://shs.cairn.info/revue-histoire-et-societes-rurales-2005-2-page-171i?lang=fr&redirect-ssocas=7080</a> |
Pas d'exemplaire disponible.




Réseaux sociaux